00526nam a2200181 a 45000010010000000030011000100080041000210350026000620820012000881000021001002450023001212600049001446500014001939420012002079520090002199980020003099990015003290000-8970ELIB.Books110520 1974  a(ELIB.Books)0000-9119 aB bBoo aBoom, Corrie ten aTramp for the Lord bNew Jersey: Fleming H. Revell Company c1974 aBiography 2ddccBK 00102ddc4070aKBTSbKBTSd2011-05-20l0p2340r2022-01-22 00:00:00w2022-01-22yBK cbate2011-05-20 c8970d8970